000 00268nam a2200097Ia 4500
008 210107s9999 xx 000 0 und d
100 _aAnderson, David R. [et al]
245 0 _aStatistics for Business and economics
260 _aNew Delhi
_bCengage Learning
942 _cBK
999 _c11758
_d11758